000 00338 a2200133 4500
000 nam a22 7a 4500
100 _aWilliam A. Joseph
110 _aWilliam A. Joseph
245 _aPolitics in China
250 _alatest edition
260 _boxford university press
_c2024
264 _boxford university press
_c2024
942 _cBK
999 _c395321
_d395321